<?xml version="1.0" encoding="UTF-8"?>
<record
    xmlns:xsi="http://www.w3.org/2001/XMLSchema-instance"
    xsi:schemaLocation="http://www.loc.gov/MARC21/slim http://www.loc.gov/standards/marcxml/schema/MARC21slim.xsd"
    xmlns="http://www.loc.gov/MARC21/slim">

  <leader>01496nam a22002057a 4500</leader>
  <controlfield tag="003">IT-MiCISF</controlfield>
  <controlfield tag="005">20231004144052.0</controlfield>
  <controlfield tag="008">231004b        |||||||| |||| 00| 0 eng d</controlfield>
  <datafield tag="040" ind1=" " ind2=" ">
    <subfield code="c">IT-MiCISF</subfield>
  </datafield>
  <datafield tag="041" ind1=" " ind2=" ">
    <subfield code="a">it</subfield>
  </datafield>
  <datafield tag="100" ind1=" " ind2=" ">
    <subfield code="a">Gigliotti Emanuele</subfield>
    <subfield code="9">60265</subfield>
  </datafield>
  <datafield tag="245" ind1=" " ind2=" ">
    <subfield code="a">Maschio e femmina li cre&#xF2;.</subfield>
    <subfield code="b">Antropologia biblica e questione gender</subfield>
  </datafield>
  <datafield tag="260" ind1=" " ind2=" ">
    <subfield code="a">Venezia, </subfield>
    <subfield code="b">Marcianum Press, </subfield>
    <subfield code="c">2023</subfield>
  </datafield>
  <datafield tag="300" ind1=" " ind2=" ">
    <subfield code="a">pp. 124</subfield>
  </datafield>
  <datafield tag="500" ind1=" " ind2=" ">
    <subfield code="a">persona, bibbia, antropologia, differenza-sessuale, identit&#xE0;-sessuale</subfield>
  </datafield>
  <datafield tag="520" ind1=" " ind2=" ">
    <subfield code="a">Il saggio ha lo scopo di far luce dal punto di vista cattolico sulla delicata questione del gender, prendendo in esame i testi della Sacra Scrittura che trattano dell&#x2019;alterit&#xE0; dei sessi e della relazione tra di loro. I testi biblici vengono dapprima interpretati teologicamente e poi utilizzati come chiave ermeneutica per rispondere agli intricati problemi e interrogativi dell&#x2019;ideologia gender nella sua formulazione radicale. Sulla base dei testi analizzati, viene proposta una sintesi di antropologia biblica sull&#x2019;alterit&#xE0; sessuale, approfondendo cos&#xEC; in modo originale uno degli aspetti illustrati nel recente documento della Pontificia Commissione Biblica, &#xAB;Che cosa &#xE8; l&#x2019;uomo?&#xBB; (Sal 8,5). A guidare l&#x2019;autore nell&#x2019;analisi e nella sintesi &#xE8; il Magistero della Chiesa, in particolare quello di Papa Francesco e di Benedetto XVI, a cui si devono rilevanti chiavi di lettura e di comprensione.</subfield>
  </datafield>
  <datafield tag="650" ind1=" " ind2=" ">
    <subfield code="a">persona</subfield>
  </datafield>
  <datafield tag="654" ind1=" " ind2=" ">
    <subfield code="a">saggio</subfield>
  </datafield>
  <datafield tag="942" ind1=" " ind2=" ">
    <subfield code="2">ddc</subfield>
    <subfield code="c">BK</subfield>
  </datafield>
  <datafield tag="999" ind1=" " ind2=" ">
    <subfield code="c">359855</subfield>
    <subfield code="d">359855</subfield>
  </datafield>
</record>
